000 00335 a2200109 4500
001 ART_10679
005 20260410161831.0
008 260409a
245 1 0 _aEl sistema bancario argentino 1990-2001
100 1 _aFrediani, Ramón O.
773 0 _tActualidad Económica
_g- Año XII, Nº 53 (ago./dic. 2002)
_wREV5083
999 _c23198
_d23198